Представление документа в формате MARC21

Поле Инд. ПП Название Значение
Тип записи a
Библиографический уровень m
001 Контрольный номер 005412678
005 Дата корректировки 20150513112108.9
008 Кодируемые данные 120402s2012 y zzzz 000 1 rusdu
020 a ISBN 978-5-9718-0577-9
040 a Служба первич. каталог. НБ ТвГУ
d Организация, изменившая запись RuMo
e Правила каталог. rcr
041 a Код языка текста rus
080 a Индекс УДК 796.015
084 a Индекс другой классификации/Индекс ББК Ч515
090 a Полочн. индекс Ч515
x Авторский знак Г 93
100 1_ a Автор Губа Владимир Петрович
q Полное имя Губа В. П.
245 10 a Заглавие Основы спортивной подготовки
b Продолж. заглавия методы оценки и прогнозирования, морфобиомеханический подход : научно-методическое пособие
260 a Место издания Москва
b Издательство Советский спорт
c Дата издания 2012
300 a Объем 383 с.
b Иллюстрации/ тип воспроизводства ил., табл.
c Размеры 21 см
504 a Библиография Библиогр.: с. 377-383 (143 назв.)
520 a Аннотация В научно-методическом пособии осуществлено обобщение теоретико-методического материала, полученного многочисленными научными исследованиями, а также материал полученный автором в течение 35-летней работы. Приведены описание и характеристика предпосылок к спортивной деятельности на основе анализа морфологических параметров, физической и функциональной подготовленности, биологического анализа, а также особенностей формирования двигательных действий и их комплексного контроля в процессе спортивной деятельности.
М онография предназначена для тренеров, ученых, специалистов в области физической культуры и спорта, а также студентов и аспирантов высших и средних физкультурных учебных заведений.
653 a Ключевые слова Оценка спортивной подготовки
a Ключевые слова Прогнозирование спортивной подготовки
a Ключевые слова Спортивная подготовка
a Ключевые слова Спортивная тренировка
a Ключевые слова Физическая культура и спорт
856 u URL http://texts.lib.tversu.ru/texts/993741ogl.pdf
901 t Тип документа m
920 a Оператор Стру
940 a физической культуры
d теория и методика избранного вида спорта
952 c Вид литературы К рн
954 a Дата поступления на обработку 20120731
990 a Автор заказа (DOS) каф. спортивных дисциплин
b Заказано (DOS) 10